| 000 | 01239nam a22002537a 4500 | ||
|---|---|---|---|
| 005 | 20080807150710.0 | ||
| 008 | 080807t xxu||||| |||| 00| p eng d | ||
| 010 | _aENG-90680-81 | ||
| 020 |
_a9788184350272 (set) _c1200.00 (set of 2vols.) |
||
| 035 | _aEN-74213-14 | ||
| 037 | _bDBAD / PUB | ||
| 040 |
_aDPL _bENGLISH |
||
| 082 | _a881.08 | ||
| 245 |
_aThe triple path: _bre-inventing poetic genre a study of the poetry of Charu Sheel Singh / _cedited by Krishna Banerjee |
||
| 260 |
_aNew Delhi _bAdhyayan Publishers and Distributors _c2007 |
||
| 300 |
_a2v.(xxx, 168p.; xxix, 169-325p.) _c22 cm.(Hb) |
||
| 500 | _aIncludes index | ||
| 500 | _aThe book is in 2 vols. and set price is Rs.1200.00 | ||
| 600 |
_aCharu Sheel Singh (1955-) _xEnglish poetry _xHistory and criticism |
||
| 700 | _aBanerjee, Krishna | ||
| 942 |
_2ddc _cEN _h881.08 _mTRI |
||
| 999 |
_c14745 _d14745 |
||